| 000 | 01086nac a22003497a 4500 | ||
|---|---|---|---|
| 001 | BR9206317 | ||
| 003 | BR-BrBNA | ||
| 005 | 20240105121242.0 | ||
| 008 | 230509b bl.|||m| |||| 00| 0 por d | ||
| 040 |
_aBR-BrBNA _bpor _cBiblioteca Nacional de Agricultura |
||
| 072 | _aH10 | ||
| 090 | _a1930 BR9206317 | ||
| 100 | 1 | _aCosenza, G.W. | |
| 100 | 1 | _aAndrade, R.P. de | |
| 100 | 1 | _aGomes, D.T. | |
| 100 | 1 | _aRocha, C.G.C. da | |
| 110 | 1 | _aCentro de Pesquisa Agropecuaria dos Cerrados, Planaltina, DF (Brasil) | |
| 245 | 1 | _aO controle integrado das cigarrinhas das pastagens | |
| 250 | 1 | _a5. ed. | |
| 260 | 3 |
_aPlanaltina, DF (Brasil): _c1983. |
|
| 300 | _a6 p. | ||
| 490 |
_aComunicado Tecnico - Centro de Pesquisa Agropecuaria dos Cerrados (Brazil) _vno. 17 _x |
||
| 650 | _aCAPIM ANDROPOGON | ||
| 650 | _aCAPIM COLONIAO | ||
| 650 | _aCAPIM JARAGUA | ||
| 650 | _aCAPIM BRACHIARIA | ||
| 650 | _aCIGARRINHA DAS PASTAGENS | ||
| 650 | _aCONTROLE BIOLOGICO | ||
| 650 | _aCONTROLE QUIMICO | ||
| 909 |
_a202312 _bLúcia Elande _c55 _dLúcia Elande |
||
| 942 |
_2AGRIS _n0 _cMS |
||
| 999 |
_c284211 _d284211 |
||